000
00322nam a2200133Ia 4500
005
20251222143240.0
008
251222s9999||||xx |||||||||||||| ||spa||
020
_a
84-7635-474-6
082
_a
372.6/A77
100
_a
Arrarte, Gerardo
245
0
_a
Internet y La Enseñanza del Español
264
_b
Arco
942
_c
LIB
999
_c
14538
_d
14538